| 000 | 00546cam a2200205 4500 | ||
|---|---|---|---|
| 001 | D5649 | ||
| 008 | 090401t1984 xxu||||| |||| 00| 0 eng d | ||
| 035 | _a(Sirsi) u62471 | ||
| 041 | _aeng | ||
| 050 | _a658 | ||
| 100 | _aHolt, L. | ||
| 245 | _aLeadership study | ||
| 260 |
_aReading _bUniversity of Reading Department of Cons _c1984 |
||
| 300 | _a53 leaves. 30cm | ||
| 350 | _a0 | ||
| 520 | _aCover title. The study was funded by The Royal Institution of Chartered Surveyors | ||
| 700 | _aMabey, C. | ||
| 942 | _n0 | ||
| 948 | _c04/03/1997 | ||
| 999 |
_c94420 _d94420 |
||